Sexueller Kindesmissbrauch: eine Studie zu Präventionskonzepten, Resilienz und erfolgreicher Intervention
| Main Author: | |
|---|---|
| Format: | Print Book |
| Language: | German |
| Published: |
Weinheim München
Juventa Verlag
2006
|
| In: | Year: 2006 |
| Online Access: |
Inhaltstext (Publisher) Table of Contents Rezension (Publisher) |
| Availability in Tübingen: | Present in Tübingen. IFK: E XI 165 |
| Check availability: | HBZ Gateway |
| Subito Delivery Service: | Order now. |
| Keywords: |
MARC
| LEADER | 00000cam a2200000 c 4500 | ||
|---|---|---|---|
| 001 | 504116541 | ||
| 003 | DE-627 | ||
| 005 | 20251129025750.0 | ||
| 007 | tu | ||
| 008 | 051207s2006 gw ||||| m 00| ||ger c | ||
| 015 | |a 05,N51,0652 |2 dnb | ||
| 016 | 7 | |a 977210103 |2 DE-101 | |
| 020 | |a 3779918811 |c Pb. : EUR 21.00, ca. sfr 38.60 |9 3-7799-1881-1 | ||
| 020 | |a 9783779918813 |c Pb. : EUR 21.00, ca. sfr 38.60 |9 978-3-7799-1881-3 | ||
| 024 | 3 | |a 9783779918813 | |
| 028 | 5 | 2 | |a 18811 |
| 035 | |a (DE-627)504116541 | ||
| 035 | |a (DE-576)25024103X | ||
| 035 | |a (DE-599)DNB977210103 | ||
| 035 | |a (OCoLC)255483792 | ||
| 035 | |a (AT-OBV)AC04982701 | ||
| 040 | |a DE-627 |b ger |c DE-627 |e rda | ||
| 041 | |a ger | ||
| 044 | |c XA-DE-BW | ||
| 082 | 0 | 4 | |a 360 |
| 084 | |a CV 8000 |2 rvk |0 (DE-625)rvk/19169: | ||
| 084 | |a DG 5000 |2 rvk |0 (DE-625)rvk/19557: | ||
| 084 | |a MS 2880 |2 rvk |0 (DE-625)rvk/123649: | ||
| 084 | |a DS 7140 |q DE-FR129 |2 rvk |0 (DE-625)rvk/19959: | ||
| 084 | |a 71.25 |2 bkl | ||
| 100 | 1 | |a Damrow, Miriam K. |d 1971- |e VerfasserIn |0 (DE-588)132036231 |0 (DE-627)517290030 |0 (DE-576)250240939 |4 aut | |
| 109 | |a Damrow, Miriam K. 1971- |a Damrow, Miriam 1971- |a Damrow, Miriam Kristina 1971- | ||
| 245 | 1 | 0 | |a Sexueller Kindesmissbrauch |b eine Studie zu Präventionskonzepten, Resilienz und erfolgreicher Intervention |c Miriam K. Damrow |
| 246 | 3 | 3 | |a Kritische Analyse von Präventionsprogrammen bei Familien mit sexuellem Missbrauch: konzeptuelle Entwicklung eines Interventionsprogramms |
| 264 | 1 | |a Weinheim |a München |b Juventa Verlag |c 2006 | |
| 300 | |a 248 Seiten |c 23 cm | ||
| 336 | |a Text |b txt |2 rdacontent | ||
| 337 | |a ohne Hilfsmittel zu benutzen |b n |2 rdamedia | ||
| 338 | |a Band |b nc |2 rdacarrier | ||
| 490 | 0 | |a Reihe Votum | |
| 500 | |a Literaturverzeichnis: Seiten 225-236 | ||
| 500 | |a Dissertation erschienen unter dem Titel: Kritische Analyse von Präventionsprogrammen bei Familien mit sexuellem Missbrauch: konzeptuelle Entwicklung eines Interventionsprogramms | ||
| 502 | |b Dissertation |c Universität Augsburg |d 2005 | ||
| 583 | 1 | |a Archivierung/Langzeitarchivierung gewährleistet |f PEBW |x XA-DE-BW |2 pdager |5 DE-31 | |
| 655 | 7 | |a Hochschulschrift |0 (DE-588)4113937-9 |0 (DE-627)105825778 |0 (DE-576)209480580 |2 gnd-content | |
| 689 | 0 | 0 | |d s |0 (DE-588)4030550-8 |0 (DE-627)104360100 |0 (DE-576)208988165 |a Kind |2 gnd |
| 689 | 0 | 1 | |d s |0 (DE-588)4126865-9 |0 (DE-627)105729094 |0 (DE-576)20958873X |a Sexueller Missbrauch |2 gnd |
| 689 | 0 | 2 | |d s |0 (DE-588)4076308-0 |0 (DE-627)104364106 |0 (DE-576)209201428 |a Prävention |2 gnd |
| 689 | 0 | |5 DE-101 | |
| 689 | 1 | 0 | |d s |0 (DE-588)4030650-1 |0 (DE-627)104254092 |0 (DE-576)208988483 |a Kindesmisshandlung |2 gnd |
| 689 | 1 | |5 (DE-627) | |
| 751 | |a Augsburg |0 (DE-588)4003614-5 |0 (DE-627)106389114 |0 (DE-576)208852174 |4 uvp | ||
| 856 | 4 | 2 | |u http://www.socialnet.de/rezensionen/isbn.php?isbn=978-3-7799-1881-3 |m V:DE-601 |m B:socialnet. |q text/html |v 201307-05 |x Verlag |y Rezension (socialnet.) |3 Rezension |7 1 |
| 856 | 4 | 2 | |u http://deposit.dnb.de/cgi-bin/dokserv?id=2713103&prov=M&dok_var=1&dok_ext=htm |m X: MVB |q text/html |v 20130501 |x Verlag |3 Inhaltstext |7 1 |
| 856 | 4 | 2 | |u https://swbplus.bsz-bw.de/bsz25024103xinh.htm |m V:DE-576 |v 2006-08-07 |3 Inhaltsverzeichnis |7 1 |
| 935 | |i Blocktest | ||
| 936 | r | v | |a CV 8000 |b Spezielle Probleme der Sozialpsychologie (Hochschule, Familie usw.) |k Psychologie |k Sozialpsychologie |k Spezielle Probleme der Sozialpsychologie (Hochschule, Familie usw.) |0 (DE-627)1270883720 |0 (DE-625)rvk/19169: |0 (DE-576)200883720 |
| 936 | r | v | |a DG 5000 |b Sexualerziehung |k Pädagogik |k Spezialfragen der Erziehung |k Sexualerziehung |0 (DE-627)1270769472 |0 (DE-625)rvk/19557: |0 (DE-576)200769472 |
| 936 | r | v | |a MS 2880 |b Sexuierte Praktiken (Prostitution, Pornographie, auch abweichendes Sexualverhalten, etc.) |k Soziologie |k Spezielle Soziologien |k Soziologische Geschlechterforschung (Gender Studies) |k Sexuierte Praktiken (Prostitution, Pornographie, auch abweichendes Sexualverhalten, etc.) |0 (DE-627)1271304899 |0 (DE-625)rvk/123649: |0 (DE-576)201304899 |
| 936 | r | v | |a DS 7140 |b Prävention in der Jugendhilfe (Jugendarbeit, Jugendpflege, Freizeitbetreuung, -beratung) |k Pädagogik |k Sozialpädagogik, Sozialarbeit |k Berufsfelder |k Jugendhilfe |k Prävention in der Jugendhilfe (Jugendarbeit, Jugendpflege, Freizeitbetreuung, -beratung) |0 (DE-627)1270705717 |0 (DE-625)rvk/19959: |0 (DE-576)200705717 |
| 936 | b | k | |a 71.25 |j Sexualität |x Soziologie |0 (DE-627)106409050 |
| 951 | |a BO | ||
| ELC | |b 1 | ||
| LOK | |0 000 xxxxxcx a22 zn 4500 | ||
| LOK | |0 001 3242741250 | ||
| LOK | |0 003 DE-627 | ||
| LOK | |0 004 504116541 | ||
| LOK | |0 005 20070412105207 | ||
| LOK | |0 008 070412||||||||||||||||ger||||||| | ||
| LOK | |0 040 |a DE-21-110 |c DE-627 |d DE-21-110 | ||
| LOK | |0 541 |e 07/88 | ||
| LOK | |0 689 |a s |a Sexueller Kindesmissbrauch | ||
| LOK | |0 689 |a s |a Prävention | ||
| LOK | |0 689 |a s |a Präventionsprogramme | ||
| LOK | |0 689 |a s |a Intervention | ||
| LOK | |0 852 |a DE-21-110 | ||
| LOK | |0 852 1 |c E XI 165 |m p |9 00 | ||
| LOK | |0 936ln |a 9.5.3 | ||
| LOK | |0 938 |k p | ||
| LOK | |0 939 |a 12-04-07 |b l01 | ||
| ORI | |a SA-MARC-krimdoka001.raw | ||
| SIG | |a IFK: E XI 165 | ||
